| 000 | 00416nam a2200169Ia 4500 | ||
|---|---|---|---|
| 008 | 221030s9999 xx 000 0 und d | ||
| 020 | _a8120315766 | ||
| 041 | _aEnglish | ||
| 082 |
_a105.23 _bBen |
||
| 100 | _aS. K. Banerji ( PR ) | ||
| 245 | 0 |
_aEnvironmental Chemistry ( PR ) _cby S. K. Banerji ( PR ) |
|
| 250 | _a2ND | ||
| 260 |
_bPHI _aNew Delhi _c1999 |
||
| 300 | _a178 | ||
| 650 | _aChemistry | ||
| 942 | _cBK | ||
| 999 |
_c7053 _d7053 |
||